Pozycja Corporate Name
Liczba rekordów, w których użyto hasła: 1
001 - Numer kontrolny
- control field: 39114
003 - Identyfikator numeru kontrolnego
- control field: NUKAT
005 - Data i czas ostatniej modyfikacji
- control field: 20260327213219.0
008 - Dane kontrolne kodowane (40 znaków)
- fixed length control field: 181213n||a|znnaabn |a ana |c
010 ## - Numer kontrolny Biblioteki Kongresu
- numer kontrolny LC: n 2018230754
024 7# - OTHER STANDARD IDENTIFIER
- Standard number or code: 301436705
- Source of number or code: viaf
040 ## - Instytucja sporządzająca rekord
- inst. przygot. dane do rek. khw: WA M/LS
- język haseł przedmiotowych/tezaurus: kaba
- inst. wprow. rek. khw: WA M/LS
- inst. modyf. rek. khw: WA U/KSZ
- inst. modyf. rek. khw: WA U/AB
- inst. modyf. rek. khw: WA U/KSZ
043 ## - Kod obszaru geograficznego
- ISO code: PL
110 2# - Hasło - nazwa ciała zbiorowego
- nazwa ciała zbior. lub geogr. na pocz.: Drukarnia Państwowa (Warszawa).
368 ## - Other Attributes
- Corp type: Drukarnie.
370 ## - Associated place
- Country: Polska.
370 ## - Associated place
- Residence/HQ: Warszawa (Polska).
377 ## - Assoc lang
- Lang code: pol
410 2# - Trop zob. - nazwa ciała zbiorowego
- nazwa ciała zbior. lub geogr. na pocz.: Drukarnia Państwowa w Warszawie.
410 2# - Trop zob. - nazwa ciała zbiorowego
- nazwa ciała zbior. lub geogr. na pocz.: Druk. Państw.
410 2# - Trop zob. - nazwa ciała zbiorowego
- nazwa ciała zbior. lub geogr. na pocz.: Drukarnia Państwowa.
410 2# - Trop zob. - nazwa ciała zbiorowego
- nazwa ciała zbior. lub geogr. na pocz.: Drukarnia Państwowa Królestwa Polskiego.
670 ## - Źródło informacji
- źródło informacji: Statut spółki akcyjnej pod firmą: "Towarzystwo Przemysłowo-Leśne, Spółka Akcyjna". - Warszawa, 1930.
- gdzie znaleziono informację: Wydawca
670 ## - Źródło informacji
- źródło informacji: BNPol online
670 ## - Źródło informacji
- źródło informacji: Statut spółki akcyjnej pod tytułem "Bank Spółek Niemieckich w Polsce Spółka Akcyjna w Łodzi". -Warszawa, 1929.
- gdzie znaleziono informację: (Druk. Państw.)
670 ## - Źródło informacji
- źródło informacji: "O fermentacji liści tytoniowych" / opracował Józef Trojan. - Warszawa, 1929.
- gdzie znaleziono informację: (Drukarnia Państwowa)
670 ## - Źródło informacji
- źródło informacji: Przepisy dla studentów Politechniki Warszawskiej. - Warszawa, 1918.
- gdzie znaleziono informację: (tłoczono w Drukarni Państwowej Królestwa Polskiego)